| 000 | 00533nam a2200217Ia 4500 | ||
|---|---|---|---|
| 005 | 20230320110457.0 | ||
| 008 | 131103s9999 xx 000 0 und d | ||
| 020 |
_a81-260-2279-5 _cRs. 25 |
||
| 040 | _aLoreto College | ||
| 041 | _aEnglish | ||
| 082 |
_a891.441 _bDEY-SEN |
||
| 100 | _aSen, Arun | ||
| 245 |
_aBishnu Dey _cArun Sen |
||
| 260 |
_aKolkata _bSahitya Academy _c2006 |
||
| 300 | _a113p. | ||
| 504 | _aInclude Index | ||
| 650 | _aBengali literature | ||
| 651 | _aBengali poetry | ||
| 850 | _aLCLIB | ||
| 942 | _cBK | ||
| 999 |
_c20621 _d71100 |
||